000 00817nam a2200277 i 4500
001 C2-0090145
003 PPAK
005 20180727091902.0
008 970510s1986 njua|||| ||||| | eng d
020 _a0382092759
040 _aPPAK
_beng
_cPPAK
_erda
082 0 4 _a909.097671
_223
090 0 0 _a909.097671
_bMOK
_dG
090 0 0 _a909.097671
_bMOK
_dK
100 1 _aMoktefi, Mokhtar,
_eauthor
245 1 4 _aThe rise of Islam
264 1 _a[Morristown, New Jersey] :
_bSilver Burdett Press ,
_c1986
300 _a64 pages :
_bcolour illustrations ;
_c29 cm
336 _2rdacontent
_atext
337 _2rdamedia
_aunmediated
338 _2rdacarrier
_avolume
490 1 _aSilver Burdett Picture Histories
650 1 0 _aCivilization, Islamic
830 0 _aSilver Burdett Picture Histories
942 _ddc
_cB
999 _c18736
_d18736